[Event "Prestwick Airport Major"]
[Site "Prestwick"]
[Date "2011.05.15"]
[Round "4"]
[White "Malcolm, Duncan"]
[Black "Perkin, Christopher"]
[Result "1-0"]
[WhiteElo "1662"]
[BlackElo "1481"]
[PlyCount "93"]
[EventDate "2011.05.13"]
[EventType "swiss"]
[EventRounds "5"]
[EventCountry "SCO"]
[SourceTitle "EXT 2023"]
[Source "ChessBase"]
[SourceDate "2022.10.05"]
[SourceVersion "1"]
[SourceVersionDate "2022.10.05"]
[SourceQuality "1"]

1. d4 d5 2. e3 c5 3. c3 Nc6 4. Nf3 Nf6 5. Bd3 Bg4 6. Nbd2 c4 7. Bc2 e5 8. dxe5 Nxe5 9. Ba4+ Nfd7 10. h3 Nd3+ 11. Kf1 Bh5 12. e4 Qb6 13. Qe2 Be7 14. Bxd7+ Kxd7 15. exd5 Rhe8 16. Nxc4 Qg6 17. Qxd3 Kd8 18. Qxg6 Bxg6 19. Nce5 Bh5 20. g4 f6 21. gxh5 fxe5 22. Nxe5 Bh4 23. Ng4 Rf8 24. Be3 Kc7 25. Kg2 Rf5 26. Rhd1 b6 27. Rd2 g6 28. hxg6 h5 29. Nh6 Rg5+ 30. Kf1 Rxg6 31. d6+ Kd7 32. Nf5 Bf6 33. Rad1 Rag8 34. Ng3 h4 35. Ne2 Be5 36. Bf4 Bf6 37. Rd5 Bd8 38. c4 Rg2 39. b4 Bf6 40. c5 bxc5 41. bxc5 Bd8 42. Nd4 Rg1+ 43. Ke2 Re8+ 44. Be3 Rxd1 45. Kxd1 Ba5 46. c6+ Kd8 47. Bg5+ 1-0

[Event "Prestwick Airport Major"]
[Site "Prestwick"]
[Date "2011.05.14"]
[Round "2"]
[White "Malcolm, Duncan"]
[Black "Cunningham, Jim M"]
[Result "0-1"]
[WhiteElo "1662"]
[BlackElo "1462"]
[PlyCount "117"]
[EventDate "2011.05.13"]
[EventType "swiss"]
[EventRounds "5"]
[EventCountry "SCO"]
[SourceTitle "EXT 2023"]
[Source "ChessBase"]
[SourceDate "2022.10.05"]
[SourceVersion "1"]
[SourceVersionDate "2022.10.05"]
[SourceQuality "1"]

1. d4 d6 2. e4 Nf6 3. Bd3 e5 4. c3 d5 5. f3 Nbd7 6. Bg5 Be7 7. Ne2 dxe4 8. fxe4 Ng4 9. Bxe7 Qxe7 10. Ng3 Qh4 11. Qf3 Nxh2 12. Qf2 Nf6 13. Nd2 Nfg4 14. Nf3 Nxf2 15. Nxh4 Nxh1 16. Nxh1 0-0 17. Ng3 Ng4 18. Ke2 g6 19. Rh1 exd4 20. cxd4 c6 21. Nf3 Nf6 22. Ne5 Be6 23. b3 Rad8 24. Nf3 Rfe8 25. Rd1 Bg4 26. Bc2 Nh5 27. Nxh5 Bxh5 28. Ke3 Re7 29. Rd2 Bg4 30. Nh2 Bf5 31. Kf4 Bc8 32. b4 f6 33. g4 g5+ 34. Kf3 Be6 35. a3 Kg7 36. Nf1 Red7 37. Ne3 Rxd4 38. Rxd4 Rxd4 39. Ke2 h6 40. Ke1 Kf8 41. Ke2 Bc4+ 42. Kf3 Rd2 43. Bd1 Be6 44. Bc2 Rh2 45. Kg3 Rh4 46. Bd1 Rh1 47. Kg2 Rh4 48. Bf3 Ke7 49. Kg3 Kd6 50. Kg2 Ke5 51. Kg3 Kd4 52. Nf5+ Bxf5 53. exf5 Kc3 54. b5 cxb5 55. Bxb7 a5 56. Bc6 b4 57. axb4 axb4 58. Be4 b3 59. Bb1 0-1